| 000 | 01085cam a22003014a 4500 | ||
|---|---|---|---|
| 001 | 13056659 | ||
| 003 | OSt | ||
| 005 | 20160608155527.0 | ||
| 008 | 030114s2003 vaua b 001 0 eng | ||
| 010 | _a 2003000738 | ||
| 020 | _a9780871207753 | ||
| 040 |
_aDLC _cDLC _dDLC |
||
| 042 | _apcc | ||
| 050 | 0 | 0 |
_aQA 11.2 _b.P64 2003 |
| 082 | 0 | 0 |
_aGLT 510.7 _bP84 2003 |
| 100 | 1 |
_aPosamentier, Alfred S. _922655 |
|
| 245 | 1 | 0 |
_aMath wonders to inspire teachers and students / _cAlfred S. Posamentier. |
| 260 |
_aAlexandria, Va. : _bAssociation for Supervision and Curriculum Development, _cc2003. |
||
| 300 |
_axvi, 277 p. : _bill. ; _c23 cm. |
||
| 504 | _aIncludes bibliographical references and index. | ||
| 562 | _e1 | ||
| 650 | 0 |
_aMathematics _xStudy and teaching. _922656 |
|
| 650 | 0 |
_aMathematical recreations. _9741 |
|
| 906 |
_a7 _bcbc _corignew _d1 _eecip _f20 _gy-gencatlg |
||
| 942 |
_2lcc _cBK |
||
| 999 |
_c12600 _d12600 |
||